01769nam a2200385 a 4500001001200000003000800012006001900020007001500039008004100054010001700095020001500112020001800127020002700145040002100172035002100193050002600214245008200240260003600322300002400358490005400382500031900436504004100755533015200796650002900948650002300977650001901000650002301019655002901042700002001071710005101091710004301142710001701185830005501202856012601257ebr10516686CaPaEBRm u cr cn|||||||||711024s1972 maua sb 000 0 eng d z 79037738  z0262230534 z9780262230537 z9781600862823 (e-book) aCaPaEBRcCaPaEBR a(OCoLC)29738088014aTL507b.P75 vol. 27eb00aThermospheric circulationh[electronic resource] /cedited by Willis L. Webb. aCambridge :bMIT Press,c[1972] axix, 372 p. :bill.1 aProgress in astronautics and aeronautics ;vv. 27 a"Selected papers presented at the summer institute titled Physics of the upper atmosphere which was conducted by the Physics Department of the University of Texas at El Paso in cooperation with the Atmospheric Sciences Laboratory, U.S. Army Electronics Command, White Sands Missile Range during August 3-14, 1970." aIncludes bibliographical references. aElectronic reproduction.bPalo Alto, Calif. :cebrary,d2013.nAvailable via World Wide Web.nAccess may be limited to ebrary affiliated libraries. 0aAtmospheric circulation. 0aAtmosphere, Upper. 0aMeteor trails. 0aRadio meteorology. 7aElectronic books.2local1 aWebb, Willis L.2 aUniversity of Texas at El Paso.bPhysics Dept.2 aAtmospheric Sciences Laboratory (U.S.)2 aebrary, Inc. 0aProgress in astronautics and aeronautics ;vv. 27.40uhttp://site.ebrary.com/lib/rucke/Doc?id=10516686zAn electronic book accessible through the World Wide Web; click to view